00892nam a22002777a 4500003000500000005001700005008004100022010000900063011000900072035000900081040000900090082001400099245013900113260004700252300000900299490003900308500001000347650003100357650002900388650003200417650003200449650003300481650003600514700002500550830003900575CHAP20220817040953.0971013s1988 r 00010 d a3681 a4653 a3857 cCHAP a630.3bG6 aGlosario en inglés - español de terminología usados en forestales, pastizales, fauna silvestre, pesquería, suelos y botánica aFort Collins, Co. :bForest Service,c1988 a54 p aGeneral Technical Reportv; RM-152 aD51-714aAgriculturaxTerminologia.14aBosquesxTerminología.14aBotánicaxTerminología.14aPastizalesxTerminología.14aPesqueríaxTerminología.14aVida silvestrexTerminología.0 aLeroy Medina, Alvin.0 aGeneral Technical Reportv; RM-152